[Event "Cesenatico op 16th"]
[Site "Cesenatico"]
[Date "2012.09.03"]
[Round "3"]
[White "Monducci, Mirko"]
[Black "Medancic, Rikard"]
[Result "1/2-1/2"]
[WhiteElo "1942"]
[BlackElo "2222"]
[PlyCount "86"]
[EventDate "2012.09.01"]
[EventType "swiss"]
[EventRounds "9"]
[EventCountry "ITA"]
[SourceTitle "CBM 150 Extra"]
[Source "ChessBase"]
[SourceDate "2012.10.19"]
[SourceVersion "1"]
[SourceVersionDate "2012.10.19"]
[SourceQuality "1"]

1. d4 f5 2. Nf3 Nf6 3. g3 b5 4. Bg2 Bb7 5. Bg5 e6 6. Nbd2 Be7 7. 0-0 0-0 8. c3 Nh5 9. Bxe7 Qxe7 10. e3 Nf6 11. a4 b4 12. Qb3 Na6 13. Ne5 Bxg2 14. Kxg2 Rab8 15. Qc4 Qd6 16. Rfd1 Rb7 17. Qb3 Rfb8 18. c4 c5 19. Ndf3 cxd4 20. exd4 Rc8 21. Qd3 Nb8 22. b3 Qc7 23. Qe3 Re8 24. Kg1 d6 25. Nd3 Nc6 26. Nf4 Qc8 27. h3 Rbe7 28. Qd3 Na5 29. Rac1 Qb7 30. c5 d5 31. Ne5 Ne4 32. Ne2 a6 33. f3 Ng5 34. h4 Nf7 35. Nxf7 Rxf7 36. f4 Nc6 37. Kg2 h6 38. Ng1 Qc8 39. Nf3 Rf6 40. Re1 Qb7 41. Ne5 Rc8 42. Rc2 Nxe5 43. Rxe5 Kh8 1/2-1/2

[Event "Cesenatico op 15th"]
[Site "Cesenatico"]
[Date "2011.09.06"]
[Round "5"]
[White "De Filomeno, Simone"]
[Black "Monducci, Mirko"]
[Result "1-0"]
[WhiteElo "2293"]
[BlackElo "1898"]
[PlyCount "105"]
[EventDate "2011.09.03"]
[EventType "swiss"]
[EventRounds "9"]
[EventCountry "ITA"]
[SourceTitle "CBM 144 Extra"]
[Source "ChessBase"]
[SourceDate "2011.10.28"]
[SourceVersion "1"]
[SourceVersionDate "2011.10.28"]
[SourceQuality "1"]

1. e4 e6 2. Nf3 d5 3. Nc3 dxe4 4. Nxe4 Nd7 5. g3 Ngf6 6. Nxf6+ Nxf6 7. Bg2 Bd6 8. d4 c6 9. 0-0 0-0 10. Qe2 Re8 11. Ne5 Nd7 12. Rd1 f6 13. Nc4 Bf8 14. Bd2 Qe7 15. Ba5 Nb8 16. a3 b6 17. Bb4 Qf7 18. Nd6 Bxd6 19. Bxd6 Bb7 20. a4 a6 21. Ra3 Nd7 22. Re3 b5 23. a5 e5 24. dxe5 fxe5 25. Bxe5 Nxe5 26. Rxe5 Rxe5 27. Qxe5 Re8 28. Qc5 Qe7 29. Qxe7 Rxe7 30. Kf1 Kf7 31. b4 Rc7 32. Rd3 Ke7 33. Rc3 Kd6 34. Be4 h6 35. Ke2 Re7 36. Ke3 g5 37. Rc5 Re5 38. Kd4 Rxc5 39. bxc5+ Ke6 40. f4 gxf4 41. gxf4 Kf6 42. c3 Ke6 43. Ke3 Kf6 44. Kf3 Ke6 45. Kg4 Kf6 46. Kh5 Kg7 47. Bf5 Kf6 48. Bd7 Kg7 49. f5 Ba8 50. Bc8 Kh7 51. f6 Kg8 52. Kxh6 Kf7 53. Kg5 1-0

[Event "Cento op 1st"]
[Site "Cento"]
[Date "2011.02.12"]
[Round "9"]
[White "Monducci, Mirko"]
[Black "Guidi, Marco"]
[Result "0-1"]
[WhiteElo "1925"]
[BlackElo "1867"]
[PlyCount "99"]
[EventDate "2011.02.05"]
[EventType "swiss"]
[EventRounds "9"]
[EventCountry "ITA"]
[SourceTitle "CBM 140 Extra"]
[Source "ChessBase"]
[SourceDate "2011.03.01"]
[SourceVersion "1"]
[SourceVersionDate "2011.03.01"]
[SourceQuality "1"]

1. c4 b5 2. cxb5 c5 3. bxc6 Nxc6 4. Nc3 Ba6 5. d3 g6 6. e3 Bg7 7. Be2 Nf6 8. d4 Bxe2 9. Ngxe2 0-0 10. 0-0 Rb8 11. b3 d5 12. Bb2 Qd6 13. Rb1 e6 14. Na4 Ng4 15. g3 h5 16. h3 Nh6 17. Nc5 a5 18. a3 Nf5 19. Qd2 Bh6 20. Rbc1 Rfc8 21. Kg2 Rb5 22. a4 Rbb8 23. Bc3 Nb4 24. Bxb4 Rxb4 25. Rc3 Rcb8 26. Qc2 Kh7 27. Qd3 R4b6 28. Rfc1 Bg7 29. R3c2 Ra8 30. Nc3 Qe7 31. Nb5 Qg5 32. Kh2 e5 33. Rg1 exd4 34. exd4 Re8 35. Nd7 Rxb5 36. axb5 Bxd4 37. b6 Qe7 38. Qb5 Nd6 39. Qxd5 Bxf2 40. Rxf2 Qxd7 41. Rd1 Re6 42. Rfd2 Qc8 43. Qxa5 Qe8 44. Rg2 Nb7 45. Qb4 Qc6 46. Rf2 Kg8 47. Qf4 Re7 48. Re1 Qd7 49. Rxe7 Qxe7 50. Qc7 0-1

[Event "Cento op 1st"]
[Site "Cento"]
[Date "2011.02.10"]
[Round "6"]
[White "Brunello, Marina"]
[Black "Monducci, Mirko"]
[Result "1-0"]
[WhiteElo "2155"]
[BlackElo "1925"]
[PlyCount "95"]
[EventDate "2011.02.05"]
[EventType "swiss"]
[EventRounds "9"]
[EventCountry "ITA"]
[SourceTitle "CBM 140 Extra"]
[Source "ChessBase"]
[SourceDate "2011.03.01"]
[SourceVersion "1"]
[SourceVersionDate "2011.03.01"]
[SourceQuality "1"]

1. e4 c6 2. d4 d5 3. e5 Bf5 4. Nd2 e6 5. Nb3 Nd7 6. Be3 h6 7. Nf3 Bh7 8. Be2 Ne7 9. 0-0 Nf5 10. c3 Be7 11. h3 Nxe3 12. fxe3 0-0 13. Nc1 c5 14. Nd3 Bxd3 15. Bxd3 c4 16. Bc2 b5 17. Qe1 g6 18. Nh2 Kg7 19. e4 Nb6 20. Ng4 dxe4 21. Qxe4 Qe8 22. Rf3 h5 23. Nf6 Bxf6 24. exf6+ Kh7 25. Qe5 Rh8 26. Qxh5+ Kg8 27. Qg4 Rh7 28. Raf1 Kh8 29. h4 Qg8 30. Rh3 Rh5 31. Qe4 Qh7 32. Bd1 Rh6 33. Qe5 Rxh4 34. Rff3 Kg8 35. Rxh4 Qxh4 36. Rh3 Nd7 37. Rxh4 Nxe5 38. dxe5 a5 39. Kf2 Rc8 40. Ke3 Rc5 41. Re4 Rd5 42. Bc2 a4 43. a3 Kh7 44. Rd4 Rxe5+ 45. Be4 Kh6 46. Rd7 Rc5 47. Rxf7 Kg5 48. Kd4 1-0